[Event "CYCC U10"]
[Site "Regina CAN"]
[Date "2019.07.08"]
[Round "3.38"]
[White "Wang, Dennis"]
[Black "Zou, Alex"]
[Result "0-1"]
[WhiteElo "776"]
[BlackElo "1115"]
[PlyCount "104"]
[EventDate "2019.07.07"]
[EventType "swiss"]
[EventRounds "7"]
[EventCountry "CAN"]

1. e4 e5 2. Nf3 Nc6 3. Bc4 Bc5 4. c3 Nf6 5. d4 exd4 6. cxd4 Bb4+ 7. Bd2 Bxd2+
8. Nbxd2 d5 9. exd5 Nxd5 10. Qb3 Na5 11. Qb5+ c6 12. Qc5 b6 13. Qa3 Nxc4 14.
Nxc4 Qe7+ 15. Qxe7+ Nxe7 16. O-O O-O 17. Rfe1 Ba6 18. Nxb6 axb6 19. Rxe7 Rfe8
20. Rae1 Kf8 21. Rxe8+ Rxe8 22. Re5 Rd8 23. h3 Bc4 24. b3 Bd5 25. Ng5 h6 26.
Ne4 f6 27. Nxf6 gxf6 28. Rf5 Kf7 29. Kh2 Rg8 30. g3 Re8 31. Rf4 Re1 32. g4 Rh1+
33. Kg3 Rg1+ 34. Kh4 Ra1 35. Rf5 Rxa2 36. b4 Rb2 37. b5 Rxb5 38. Kh5 Kg7 39.
Kh4 Ra5 40. Kg3 b5 41. g5 hxg5 42. f4 Kg6 43. Rxd5 cxd5 44. f5+ Kxf5 45. h4
gxh4+ 46. Kxh4 b4 47. Kg3 b3 48. Kf3 b2 49. Ke3 b1=Q 50. Kf3 Qb3+ 51. Ke2 Ra2+
52. Kf1 Qb1# 0-1

[Event "CYCC U10"]
[Site "Regina CAN"]
[Date "2019.07.08"]
[Round "3.39"]
[White "Huang, Ivan"]
[Black "Jackson, Mateo"]
[Result "1-0"]
[WhiteElo "1104"]
[BlackElo "778"]
[PlyCount "85"]
[EventDate "2019.07.07"]
[EventType "swiss"]
[EventRounds "7"]
[EventCountry "CAN"]

1. e4 e5 2. Nf3 Nc6 3. Bc4 h6 4. O-O Nf6 5. Re1 Bc5 6. c3 Ng4 7. d4 exd4 8.
cxd4 Bb4 9. Bd2 O-O 10. Bxb4 Nxb4 11. a3 Nc6 12. Nc3 d6 13. Qd3 Be6 14. d5 Nce5
15. Qe2 Nxc4 16. Qxc4 Bd7 17. Rad1 b5 18. Nxb5 Rb8 19. Nc3 Rxb2 20. Rf1 Qf6 21.
Qxc7 Qg6 22. Qxd7 Ne3 23. Nh4 Qg5 24. fxe3 Qxh4 25. Qxd6 Qg4 26. Qg3 Qxg3 27.
hxg3 Rb3 28. Ne2 Rxe3 29. Nf4 Rxe4 30. d6 Rd8 31. Rd3 Ra4 32. Re1 Rd7 33. Re7
Rxe7 34. dxe7 Re4 35. Rd8+ Kh7 36. e8=Q Rxe8 37. Rxe8 h5 38. Nxh5 g6 39. Re7
gxh5 40. Rxf7+ Kh8 41. Rxa7 h4 42. Rb7 hxg3 43. a4 1-0

[Event "CYCC U10"]
[Site "Regina CAN"]
[Date "2019.07.08"]
[Round "3.40"]
[White "Wu, Jonathan"]
[Black "Zhou, Felix Tian"]
[Result "1-0"]
[WhiteElo "1079"]
[BlackElo "766"]
[PlyCount "145"]
[EventDate "2019.07.07"]
[EventType "swiss"]
[EventRounds "7"]
[EventCountry "CAN"]

1. d4 Nf6 2. c4 d5 3. Nf3 Bf5 4. g3 e6 5. Bg2 dxc4 6. O-O Nc6 7. e3 Nb4 8. Na3
Bd3 9. Re1 Be4 10. Nd2 Bxg2 11. Kxg2 Qd5+ 12. Qf3 Qd7 13. Qxb7 Rd8 14. Ndxc4
Nc6 15. Qb3 Rb8 16. Qd1 Bxa3 17. Nxa3 O-O 18. Rb1 Ne4 19. f3 Nf6 20. Bd2 e5 21.
Bc3 Qe6 22. Ra1 Rbd8 23. Nc2 Nd5 24. Qd2 f5 25. f4 e4 26. Nb4 a5 27. Nxc6 Qxc6
28. Bxa5 Ra8 29. Rac1 Qb7 30. Rc5 Rf6 31. a3 c6 32. b4 Rh6 33. Qc2 Qf7 34. Qe2
Rh5 35. Rxc6 Ne7 36. Rc7 Kf8 37. d5 Qg6 38. d6 Qxd6 39. Qxh5 g6 40. Qd1 Qf6 41.
Qd4 Qf7 42. Qh8+ Qg8 43. Qxg8+ Nxg8 44. Rxh7 Nf6 45. Rc7 Nd5 46. Rc5 Nf6 47. h3
Nd7 48. Rc7 Nf6 49. Rd1 Ne8 50. Rcd7 Nf6 51. Rd8+ Rxd8 52. Rxd8+ Kf7 53. b5 Ne8
54. Rxe8 Kxe8 55. Kf2 Kd7 56. Ke2 Kd6 57. Kd2 Kc5 58. Bb4+ Kxb5 59. Kc3 Ka6 60.
Kd4 Kb6 61. Ke5 Kc6 62. Kf6 Kd5 63. Kxg6 Ke6 64. h4 Kd5 65. Kxf5 Kc4 66. Kxe4
Kb3 67. g4 Kc2 68. f5 Kd1 69. f6 Ke2 70. f7 Kf2 71. f8=Q+ Kg3 72. Bd6+ Kh3 73.
Qf3+ 1-0

[Event "CYCC U10"]
[Site "Regina CAN"]
[Date "2019.07.08"]
[Round "3.41"]
[White "Li, Anthony"]
[Black "Huang, Winston"]
[Result "0-1"]
[WhiteElo "661"]
[BlackElo "1065"]
[PlyCount "102"]
[EventDate "2019.07.07"]
[EventType "swiss"]
[EventRounds "7"]
[EventCountry "CAN"]

1. e4 e5 2. Nf3 Nc6 3. Bc4 Bc5 4. c3 Nf6 5. d4 exd4 6. cxd4 Bb4+ 7. Bd2 Bxd2+
8. Nbxd2 d5 9. exd5 Nxd5 10. O-O O-O 11. Qb3 Na5 12. Qa4 Nxc4 13. Qxc4 Be6 14.
Qc2 Re8 15. Ng5 Qxg5 16. Nf3 Qg6 17. Qxg6 hxg6 18. Rac1 c6 19. Rfe1 Bg4 20.
Rxe8+ Rxe8 21. Ne5 Nf4 22. Re1 f6 23. Nf3 Rxe1+ 24. Nxe1 Ne2+ 25. Kf1 Nxd4 26.
f3 Be6 27. a3 Kf7 28. Kf2 c5 29. g4 Bd5 30. Ke3 Ke6 31. f4 Bb3 32. h4 Nc2+ 33.
Nxc2 Bxc2 34. g5 fxg5 35. hxg5 Kf5 36. Kf3 a5 37. Ke3 a4 38. Kf3 Ke6 39. Ke3
Kd5 40. Kf3 Kc4 41. Ke2 Kb3 42. Kd2 Kxb2 43. Ke2 Kxa3 44. Kd2 Kb2 45. Ke2 a3
46. Kd2 a2 47. Ke2 a1=Q 48. Kf2 Qa3 49. Kg1 Qf3 50. Kh2 Be4 51. Kg1 Qg2# 0-1

[Event "CYCC U10"]
[Site "Regina CAN"]
[Date "2019.07.08"]
[Round "3.42"]
[White "Gao, Sean"]
[Black "Wang, Howard"]
[Result "0-1"]
[WhiteElo "807"]
[BlackElo "693"]
[PlyCount "140"]
[EventDate "2019.07.07"]
[EventType "swiss"]
[EventRounds "7"]
[EventCountry "CAN"]

1. e4 e5 2. Nf3 Nc6 3. Bc4 Nf6 4. c3 b6 5. d4 d5 6. exd5 Nxd5 7. Nxe5 Nxe5 8.
dxe5 Bb7 9. O-O c6 10. Qf3 b5 11. Bb3 Be7 12. Rd1 Qb6 13. Be3 Bc5 14. Bxc5 Qxc5
15. e6 fxe6 16. Qe4 Rf8 17. Qxe6+ Kd8 18. Rf1 Ba6 19. h3 Re8 20. Qg4 Qe7 21.
Nd2 b4 22. Rfe1 Qb7 23. Rxe8+ Kxe8 24. Re1+ Kd8 25. Qg5+ Kc8 26. Re8+ Kc7 27.
Qxg7+ Kb6 28. Qxb7+ Bxb7 29. Nc4+ Kc5 30. a3 Rxe8 31. axb4+ Nxb4 32. cxb4+ Kxb4
33. Nd6 Re1+ 34. Kh2 Kxb3 35. Nxb7 Re2 36. Kg3 Rxb2 37. Na5+ Ka4 38. Nxc6 Rb7
39. f3 Rg7+ 40. Kf2 Kb5 41. Nd4+ Kc4 42. Nf5 Rg8 43. Nd6+ Kc5 44. Ne4+ Kb6 45.
Nf6 Rg7 46. Nd5+ Kc5 47. Nf4 Re7 48. Nd3+ Kc4 49. Nf4 a5 50. Ne2 a4 51. Nc1 a3
52. g4 Kc3 53. f4 Kb2 54. Nd3+ Kc3 55. Nc1 Ra7 56. f5 a2 57. Nxa2+ Rxa2+ 58.
Kg3 Ra6 59. Kh4 Kd4 60. Kg5 Ke5 61. h4 h6+ 62. Kh5 Kf4 63. f6 Rxf6 64. g5 hxg5
65. hxg5 Rf5 66. Kg6 Rxg5+ 67. Kf6 Re5 68. Kg6 Rf5 69. Kg7 Kg5 70. Kg8 Kg6 0-1

[Event "CYCC U10"]
[Site "Regina CAN"]
[Date "2019.07.08"]
[Round "3.43"]
[White "Gao, Joshua"]
[Black "Yu, Ryan Bole"]
[Result "1-0"]
[WhiteElo "960"]
[BlackElo "841"]
[PlyCount "124"]
[EventDate "2019.07.07"]
[EventType "swiss"]
[EventRounds "7"]
[EventCountry "CAN"]

1. e4 c5 2. Nf3 Nc6 3. Nc3 d6 4. Bc4 Nf6 5. d3 g6 6. Ng5 e6 7. O-O h6 8. Nf3
Bg7 9. Be3 a6 10. a3 Ng4 11. Bd2 Qc7 12. h3 Nge5 13. Nxe5 Nxe5 14. Bb3 O-O 15.
Qc1 g5 16. f4 Ng6 17. fxg5 hxg5 18. Bxg5 Qb6 19. Bc4 Qc6 20. Bh6 b5 21. Bxg7
Kxg7 22. Ba2 Bb7 23. Qg5 f6 24. Qd2 Rae8 25. Rae1 b4 26. axb4 cxb4 27. Nd1 Rh8
28. Qf2 Qc5 29. d4 Qg5 30. Re3 Qh4 31. g3 Qg5 32. Rf3 Ref8 33. Bxe6 Bxe4 34.
Re3 d5 35. c4 Rh7 36. cxd5 Bxd5 37. Bxd5 Qxd5 38. h4 Qxd4 39. Re7+ Nxe7 40.
Qxd4 Rh6 41. Qxb4 Ng6 42. Ne3 Kh8 43. Ng4 Rh5 44. Rxf6 Rxf6 45. Nxf6 Rf5 46.
Qb8+ Kg7 47. Ne8+ Kh6 48. Qc8 Rf8 49. Qc1+ Kh7 50. Qc7+ Kh6 51. Qg7+ Kh5 52.
g4+ Kxg4 53. Qxg6+ Kf4 54. Qd6+ Ke4 55. Qxf8 a5 56. Qe7+ Kd4 57. Qf6+ Kd3 58.
Qf5+ Kd4 59. Nd6 a4 60. Qe4+ Kc5 61. Nb7+ Kb6 62. Kf2 Kc7 {...} 1-0

[Event "CYCC U10"]
[Site "Regina CAN"]
[Date "2019.07.08"]
[Round "3.44"]
[White "Li, Anthony Zongyue"]
[Black "Xu, Joey"]
[Result "1-0"]
[WhiteElo "847"]
[BlackElo "950"]
[PlyCount "47"]
[EventDate "2019.07.07"]
[EventType "swiss"]
[EventRounds "7"]
[EventCountry "CAN"]

1. d4 c5 2. c3 cxd4 3. cxd4 d5 4. Nf3 Nf6 5. e3 e6 6. Bd3 Nc6 7. Nc3 Bd6 8. O-O
Qe7 9. Re1 O-O 10. Qc2 Nb4 11. Qe2 Nxd3 12. Qxd3 Re8 13. e4 dxe4 14. Nxe4 Nxe4
15. Rxe4 Bd7 16. Rh4 g6 17. Bh6 Bc6 18. Ng5 Qf6 19. Qh3 Qf5 20. Nxh7 Qxh3 21.
Nf6+ Kh8 22. Rxh3 Bf3 23. gxf3 Bxh2+ 24. Kxh2 1-0

[Event "CYCC U10"]
[Site "Regina CAN"]
[Date "2019.07.08"]
[Round "4.32"]
[White "Yang, Ryan"]
[Black "Han, Jonathan"]
[Result "1/2-1/2"]
[WhiteElo "1704"]
[BlackElo "2026"]
[PlyCount "89"]
[EventDate "2019.07.07"]
[EventType "swiss"]
[EventRounds "7"]
[EventCountry "CAN"]

1. e4 c5 2. Nf3 d6 3. d4 cxd4 4. Nxd4 Nf6 5. Nc3 a6 6. Be2 e5 7. Nb3 Be7 8. O-O
O-O 9. Be3 Be6 10. h3 Nbd7 11. Bf3 b5 12. a3 Rc8 13. Re1 Qc7 14. Rc1 Nb6 15.
Bg5 Nc4 16. Rb1 Nxa3 17. Ra1 Nc4 18. Rxa6 Nxb2 19. Nxb5 Qb7 20. Qa1 Bxb3 21.
cxb3 Qxb5 22. Ra7 Nd3 23. Rd1 Bd8 24. Bxf6 Bxf6 25. Be2 Qxb3 26. Bxd3 g6 27.
Ra3 Qb4 28. Ra4 Qc5 29. Ra5 Qc7 30. Ra7 Qc5 31. Ra5 Qb4 32. Ra4 Qb3 33. Ra3 Qe6
34. Be2 Bg5 35. Bg4 f5 36. Bf3 Kh8 37. Ra7 Rf7 38. Rxf7 Qxf7 39. Qa6 Qc7 40.
Qxd6 Qxd6 41. Rxd6 Rc1+ 42. Kh2 Rf1 43. exf5 e4 44. Rd1 Rxd1 45. Bxd1 1/2-1/2

[Event "CYCC U10"]
[Site "Regina CAN"]
[Date "2019.07.08"]
[Round "4.33"]
[White "Darvekar, Yash"]
[Black "Lin, Leo"]
[Result "0-1"]
[WhiteElo "1644"]
[BlackElo "1778"]
[PlyCount "112"]
[EventDate "2019.07.07"]
[EventType "swiss"]
[EventRounds "7"]
[EventCountry "CAN"]

1. e4 c5 2. Nf3 d6 3. c3 Nf6 4. Be2 e6 5. O-O Nc6 6. Qc2 Be7 7. d4 cxd4 8. Nxd4
Nxd4 9. cxd4 O-O 10. Nc3 Qc7 11. Be3 Bd7 12. Qd2 Rac8 13. Rac1 Qa5 14. Nd5 Qd8
15. Rxc8 Bxc8 16. Nc3 b6 17. Bf3 Bb7 18. e5 Nd5 19. Nxd5 Bxd5 20. Bxd5 exd5 21.
Rd1 Qb8 22. Bf4 Rd8 23. g3 dxe5 24. Bxe5 Qc8 25. Rc1 Qf5 26. Rc7 Bg5 27. f4 f6
28. Bd6 Rxd6 29. fxg5 fxg5 30. Rxa7 Qb1+ 31. Kg2 Qe4+ 32. Kg1 Rf6 33. Qd1 Qe3+
34. Kh1 g6 35. Ra3 Qe4+ 36. Kg1 Rc6 37. Ra8+ Kg7 38. Ra3 Rc2 39. Qf1 Qxd4+ 40.
Kh1 Rf2 41. Qe1 Qxb2 42. Qc3+ Qxc3 43. Rxc3 Rxa2 44. Rc7+ Kh6 45. Rb7 Rb2 46.
Rd7 Rd2 47. Rb7 d4 48. Rxb6 d3 49. Rd6 g4 50. Rd5 Kg7 51. Kg1 Kf6 52. Kf1 Ke6
53. Rd8 Ke5 54. Ke1 Re2+ 55. Kd1 Ke4 56. Re8+ Kf3 0-1

[Event "CYCC U10"]
[Site "Regina CAN"]
[Date "2019.07.08"]
[Round "4.34"]
[White "Jiang Barron, Jiyu"]
[Black "Li, Alan"]
[Result "1-0"]
[WhiteElo "1556"]
[BlackElo "1272"]
[PlyCount "129"]
[EventDate "2019.07.07"]
[EventType "swiss"]
[EventRounds "7"]
[EventCountry "CAN"]

1. e4 c5 2. Nf3 d6 3. d4 cxd4 4. Nxd4 Nf6 5. Nc3 a6 6. Be3 b5 7. a3 Bb7 8. Bd3
g6 9. O-O Bg7 10. f4 O-O 11. Qd2 Nc6 12. Nb3 Ng4 13. Rae1 Nxe3 14. Rxe3 Nd4 15.
Rg3 Qb6 16. Nxd4 Qxd4+ 17. Kh1 b4 18. Ne2 Qxb2 19. Qxb4 Qxb4 20. axb4 Rab8 21.
Rb1 Bc8 22. c3 Bb7 23. Ra1 Ra8 24. Rg5 Rac8 25. Ra3 Rc6 26. Rga5 Ra8 27. b5 Rc7
28. bxa6 Bc8 29. a7 Bg4 30. h3 Bxe2 31. Bxe2 Bxc3 32. R5a4 Bd2 33. e5 Bc1 34.
exd6 exd6 35. Bf3 Bxa3 36. Bxa8 Bc5 37. Bb7 Bxa7 38. Rxa7 Kg7 39. g4 Kf6 40.
Kg2 Ke7 41. Kf3 f6 42. Ke4 Rc4+ 43. Kd3 Rc7 44. Kd4 Kd7 45. h4 h6 46. Kd5 Rc5+
47. Kd4 Rc7 48. g5 hxg5 49. f5 gxh4 50. fxg6 Ke7 51. g7 Kf7 52. Bd5+ Kxg7 53.
Rxc7+ Kg6 54. Ke4 Kg5 55. Rg7+ Kh6 56. Rg8 Kh5 57. Kf4 f5 58. Kxf5 Kh6 59. Kf6
Kh7 60. Ra8 h3 61. Rb8 h2 62. Ra8 h1=Q 63. Bxh1 d5 64. Bxd5 Kh6 65. Rh8# 1-0

[Event "CYCC U10"]
[Site "Regina CAN"]
[Date "2019.07.08"]
[Round "4.35"]
[White "Wang, Howard"]
[Black "Chen, Vincent"]
[Result "1-0"]
[WhiteElo "693"]
[BlackElo "1456"]
[PlyCount "59"]
[EventDate "2019.07.07"]
[EventType "swiss"]
[EventRounds "7"]
[EventCountry "CAN"]

1. e4 e5 2. Nf3 Nc6 3. Nc3 Bb4 4. a3 Bxa3 5. Rxa3 Nf6 6. d3 O-O 7. Bg5 h6 8.
Bh4 Qe7 9. Nd5 Qd8 10. Nxf6+ gxf6 11. Nd2 d6 12. Nc4 Be6 13. Ne3 Qd7 14. Bxf6
Nd4 15. Ra1 a5 16. Qh5 Kh7 17. c3 Nf5 18. Nxf5 Bxf5 19. exf5 Rg8 20. Ra4 e4 21.
dxe4 Raf8 22. Rxa5 Qc6 23. f3 d5 24. g4 Qxf6 25. Rxd5 b6 26. f4 Qe7 27. g5 f6
28. Bd3 Ra8 29. Kd2 Rae8 30. Qxh6# 1-0

[Event "CYCC U10"]
[Site "Regina CAN"]
[Date "2019.07.08"]
[Round "4.36"]
[White "Ming, Jerry"]
[Black "Wu, Jonathan"]
[Result "1/2-1/2"]
[WhiteElo "1390"]
[BlackElo "1079"]
[PlyCount "75"]
[EventDate "2019.07.07"]
[EventType "swiss"]
[EventRounds "7"]
[EventCountry "CAN"]

1. e4 e6 2. d4 d5 3. e5 c5 4. c3 Nc6 5. Nf3 Qb6 6. Bd3 Bd7 7. Be2 Nge7 8. O-O
Nf5 9. Qb3 Qxb3 10. axb3 cxd4 11. cxd4 Ncxd4 12. Nxd4 Nxd4 13. Bd1 Bb5 14. Re1
Nf5 15. Nc3 Bc6 16. Bd2 Bc5 17. Na4 Be7 18. b4 O-O 19. Nc5 Bxc5 20. bxc5 f6 21.
exf6 Rxf6 22. g4 Nd4 23. g5 Rf7 24. Bc3 Nf3+ 25. Bxf3 Rxf3 26. Rxe6 Rf4 27. Bd2
Rg4+ 28. Kf1 Bb5+ 29. Re2 Bxe2+ 30. Kxe2 Re4+ 31. Kf1 Kf7 32. f3 Rc4 33. b4 Kg6
34. Re1 Rd4 35. Rd1 Rh4 36. Kg2 Rd4 37. Kf2 Kf5 38. h3 1/2-1/2

[Event "CYCC U10"]
[Site "Regina CAN"]
[Date "2019.07.08"]
[Round "4.37"]
[White "Zou, Alex"]
[Black "Huang, Winston"]
[Result "1/2-1/2"]
[WhiteElo "1115"]
[BlackElo "1065"]
[PlyCount "51"]
[EventDate "2019.07.07"]
[EventType "swiss"]
[EventRounds "7"]
[EventCountry "CAN"]

1. e4 e5 2. Nf3 Nc6 3. Bc4 Bc5 4. c3 Nf6 5. d4 exd4 6. cxd4 Bb4+ 7. Bd2 Bxd2+
8. Nbxd2 d5 9. exd5 Nxd5 10. O-O O-O 11. Re1 Be6 12. Rc1 Re8 13. h3 Qf6 14. Ne4
Qg6 15. Ng3 Qf6 16. Re4 h6 17. Qe1 Rad8 18. Bxd5 Rxd5 19. Ne2 Rdd8 20. a3 Bxh3
21. Rf4 Qxf4 22. Nxf4 Rxe1+ 23. Rxe1 Bg4 24. Nh2 Bf5 25. d5 Nd4 26. g4 1/2-1/2

[Event "CYCC U10"]
[Site "Regina CAN"]
[Date "2019.07.08"]
[Round "4.39"]
[White "Shi, Michael"]
[Black "Mane, Arnav"]
[Result "1-0"]
[WhiteElo "1856"]
[BlackElo "1097"]
[PlyCount "61"]
[EventDate "2019.07.07"]
[EventType "swiss"]
[EventRounds "7"]
[EventCountry "CAN"]

1. d4 d5 2. c4 e6 3. Nc3 Nf6 4. e3 Be7 5. Nf3 O-O 6. Bd3 dxc4 7. Bxc4 b6 8. O-O
Bb7 9. Re1 c5 10. dxc5 Qxd1 11. Rxd1 Bxf3 12. gxf3 Bxc5 13. e4 Nbd7 14. Be3
Bxe3 15. fxe3 Ne5 16. Be2 Rfd8 17. Kf2 h6 18. h3 Kh7 19. f4 Ng6 20. e5 Nd5 21.
Nxd5 exd5 22. Bf3 Ne7 23. Rac1 Rac8 24. Rc3 Rc5 25. Rdd3 Kg8 26. b4 Rxc3 27.
Rxc3 Rd7 28. Bg4 f5 29. exf6 d4 30. Bxd7 dxc3 31. fxe7 1-0

[Event "CYCC U10"]
[Site "Regina CAN"]
[Date "2019.07.08"]
[Round "4.40"]
[White "Wang, Dennis"]
[Black "Gao, Joshua"]
[Result "1-0"]
[WhiteElo "776"]
[BlackElo "960"]
[PlyCount "99"]
[EventDate "2019.07.07"]
[EventType "swiss"]
[EventRounds "7"]
[EventCountry "CAN"]

1. e4 e5 2. Nf3 Nc6 3. Bc4 Nf6 4. Ng5 d5 5. exd5 Na5 6. Bb5+ c6 7. dxc6 bxc6 8.
Be2 h6 9. Nf3 Bc5 10. O-O Ng4 11. h3 Nf6 12. Nxe5 Qb6 13. a3 Ne4 14. Qe1 Nb7
15. Bf3 O-O 16. Bxe4 Re8 17. Nxc6 Bd7 18. b4 Bxc6 19. bxc5 Nxc5 20. d3 Nxe4 21.
dxe4 Bb5 22. Qb4 a5 23. Qb3 Rxe4 24. Nc3 Re5 25. a4 Rae8 26. axb5 Re1 27. Bb2
R1e6 28. Qc4 Rg6 29. Rfe1 Rf8 30. Qe2 Qb7 31. Qe4 Qc8 32. Qf3 Rf6 33. Qg4 Qc5
34. Ne4 Qxb5 35. Nxf6+ Kh8 36. Bc3 Rg8 37. Nxg8 Qg5 38. Qxg5 hxg5 39. Re8 Kh7
40. Kh2 f5 41. Rxa5 g4 42. Ra6 gxh3 43. gxh3 f4 44. Nf6+ gxf6 45. Rxf6 f3 46.
Rxf3 Kg6 47. Rg8+ Kh7 48. Rg1 Kh6 49. Rf4 Kh5 50. f3 1-0

[Event "CYCC U10"]
[Site "Regina CAN"]
[Date "2019.07.08"]
[Round "4.41"]
[White "Chen, Tom"]
[Black "Li, Anthony"]
[Result "0-1"]
[WhiteElo "907"]
[BlackElo "661"]
[PlyCount "102"]
[EventDate "2019.07.07"]
[EventType "swiss"]
[EventRounds "7"]
[EventCountry "CAN"]

1. e4 c5 2. Nf3 e6 3. d4 Nf6 4. Nc3 b6 5. Bg5 h6 6. Bh4 Be7 7. h3 Bb7 8. e5 Ne4
9. Bxe7 Qxe7 10. d5 Nxc3 11. bxc3 Bxd5 12. c4 Bb7 13. Bd3 d5 14. c3 O-O 15. Nd2
Nd7 16. cxd5 Bxd5 17. Nf3 Rad8 18. Qc2 Bxf3 19. gxf3 Nxe5 20. Bh7+ Kh8 21. Be4
f5 22. f4 fxe4 23. fxe5 Qf7 24. Rh2 Qf4 25. Rg2 Qxe5 26. Rc1 e3 27. Kf1 exf2
28. Rxf2 Qe3 29. Kg2 Rxf2+ 30. Qxf2 Rd2 31. Rf1 Rxf2+ 32. Rxf2 Qxc3 33. Rf8+
Kh7 34. Ra8 Qb2+ 35. Kg3 Qxa2 36. Kf4 Qc4+ 37. Kg3 Qc3+ 38. Kg2 Qe5 39. Kf2
Qd4+ 40. Kg3 e5 41. Rxa7 e4 42. Ra2 Qc4 43. Rb2 Qc3+ 44. Kg4 Qxb2 45. Kf4 Qe2
46. Kg3 Qf3+ 47. Kh2 e3 48. h4 e2 49. h5 Qe3 50. Kg2 e1=Q 51. Kh2 Q1g1# 0-1

[Event "CYCC U10"]
[Site "Regina CAN"]
[Date "2019.07.08"]
[Round "4.43"]
[White "Zhou, Felix Tian"]
[Black "Gao, Sean"]
[Result "1-0"]
[WhiteElo "766"]
[BlackElo "807"]
[PlyCount "42"]
[EventDate "2019.07.07"]
[EventType "swiss"]
[EventRounds "7"]
[EventCountry "CAN"]

1. c4 e5 2. Nc3 Nc6 3. e4 Bc5 4. Nf3 Nf6 5. Na4 Bb6 6. a3 a6 7. c5 Ba7 8. Bc4
d6 9. b4 b5 10. cxb6 Bxb6 11. Nc3 Bg4 12. Qa4 Qd7 13. Be2 O-O 14. Nd5 Nxd5 15.
exd5 Nd4 16. Qd1 c6 17. Nxd4 Bxd4 18. Bxg4 Qc7 19. Rb1 Qe7 20. dxc6 Qf6 21. O-O
d5 {...} 1-0

[Event "CYCC U10"]
[Site "Regina CAN"]
[Date "2019.07.08"]
[Round "4.44"]
[White "Jackson, Mateo"]
[Black "Shi, Sean"]
[Result "0-1"]
[WhiteElo "778"]
[BlackElo "697"]
[PlyCount "46"]
[EventDate "2019.07.07"]
[EventType "swiss"]
[EventRounds "7"]
[EventCountry "CAN"]

1. e4 c5 2. Nf3 Nc6 3. Bc4 d6 4. Ng5 e6 5. d3 h6 6. Qh5 Qe7 7. O-O Nf6 8. Qh4
d5 9. exd5 exd5 10. Bb3 Bf5 11. Bd2 O-O-O 12. Nc3 d4 13. Nxf7 dxc3 14. Nxh8 g5
15. Qa4 cxd2 16. Nf7 Re8 17. h3 Qe1 18. Qc4 Qxa1 19. Rxa1 Re1+ 20. Rxe1 dxe1=Q+
21. Kh2 Qxf2 22. Nh8 Bd6+ 23. Kh1 Qf1# 0-1

[Event "CYCC U10"]
[Site "Regina CAN"]
[Date "2019.07.08"]
[Round "4.46"]
[White "Yu, Ryan Bole"]
[Black "Johnson, William"]
[Result "1-0"]
[WhiteElo "841"]
[BlackElo "935"]
[PlyCount "57"]
[EventDate "2019.07.07"]
[EventType "swiss"]
[EventRounds "7"]
[EventCountry "CAN"]

1. e4 e5 2. Nf3 Nc6 3. Bc4 Bc5 4. c3 Nf6 5. d4 Nxd4 6. cxd4 d6 7. dxc5 dxc5 8.
Qxd8+ Kxd8 9. Nxe5 Re8 10. Nxf7+ Kd7 11. O-O Rxe4 12. Rd1+ Ke8 13. Bb3 Bf5 14.
Be3 c4 15. Nc3 Re7 16. Bxc4 Rxf7 17. Bxf7+ Kxf7 18. Bg5 Ne4 19. Nxe4 Bxe4 20.
f3 Bf5 21. Rac1 c6 22. Rd4 h6 23. Bh4 g5 24. Bf2 c5 25. Rxc5 b5 26. Rxf5+ Kg6
27. Rc5 Kh5 28. Rc6 b4 29. g4# 1-0

[Event "CYCC U10"]
[Site "Regina CAN"]
[Date "2019.07.09"]
[Round "5.32"]
[White "Lin, Leo"]
[Black "Yang, Ryan"]
[Result "1/2-1/2"]
[WhiteElo "1778"]
[BlackElo "1704"]
[PlyCount "77"]
[EventDate "2019.07.07"]
[EventType "swiss"]
[EventRounds "7"]
[EventCountry "CAN"]

1. Nf3 d5 2. c4 e6 3. d4 Nf6 4. Nc3 Be7 5. Bf4 c6 6. e3 Nbd7 7. cxd5 exd5 8.
Bd3 O-O 9. O-O Re8 10. Qc2 h6 11. e4 dxe4 12. Bxe4 Nxe4 13. Nxe4 Nf6 14. Nxf6+
Bxf6 15. Be5 Be6 16. Rad1 Bd5 17. Bxf6 Qxf6 18. Ne5 Rad8 19. f4 a6 20. b3 Be6
21. Qf2 Rd5 22. f5 Bc8 23. Rd3 Red8 24. Qf4 Qd6 25. Rfd1 f6 26. Ng6 Qxf4 27.
Nxf4 Rxf5 28. g3 g5 29. Nh5 Kf7 30. g4 Rfd5 31. Rf1 R8d6 32. Rdf3 Bxg4 33.
Rxf6+ Ke7 34. Re1+ Kd8 35. Rf8+ Kc7 36. Nf6 Rxd4 37. Ne8+ Kb6 38. Nxd6 Rxd6 39.
Rf2 1/2-1/2

[Event "CYCC U10"]
[Site "Regina CAN"]
[Date "2019.07.09"]
[Round "5.33"]
[White "Han, Jonathan"]
[Black "Wang, Howard"]
[Result "1-0"]
[WhiteElo "2026"]
[BlackElo "693"]
[PlyCount "71"]
[EventDate "2019.07.07"]
[EventType "swiss"]
[EventRounds "7"]
[EventCountry "CAN"]

1. Nf3 Nf6 2. c4 e5 3. Nxe5 d6 4. Nf3 Bf5 5. Nc3 Nc6 6. d4 Nb4 7. Qa4+ Nc6 8.
d5 Bd7 9. dxc6 Bxc6 10. Qd1 g6 11. e3 Bg7 12. Be2 Ne4 13. Nxe4 Bxe4 14. O-O h5
15. Bd3 Bc6 16. Nd4 Bxd4 17. exd4 Kf8 18. d5 Bd7 19. Qf3 Bg4 20. Qf4 g5 21.
Qxg5 Qxg5 22. Bxg5 Rg8 23. Bh4 Bh3 24. Bg3 Bg4 25. f3 Bd7 26. Rfe1 Rh8 27. Bh4
Rg8 28. Bh7 Rg7 29. Be7+ Ke8 30. Bf6+ Kf8 31. Bxg7+ Kxg7 32. Bd3 Rg8 33. Re7
Bc8 34. Rxc7 Kh8 35. Rxf7 Bh3 36. Rh7# 1-0

[Event "CYCC U10"]
[Site "Regina CAN"]
[Date "2019.07.09"]
[Round "5.34"]
[White "Huang, Ivan"]
[Black "Jiang Barron, Jiyu"]
[Result "0-1"]
[WhiteElo "1104"]
[BlackElo "1556"]
[PlyCount "260"]
[EventDate "2019.07.07"]
[EventType "swiss"]
[EventRounds "7"]
[EventCountry "CAN"]

1. e4 c5 2. Nf3 d6 3. c3 Nf6 4. Be2 Nc6 5. d3 e6 6. Nbd2 Be7 7. d4 cxd4 8. cxd4
O-O 9. O-O Bd7 10. b3 Rc8 11. Bb2 d5 12. Bd3 Nb4 13. Qe2 a6 14. e5 Nxd3 15.
Qxd3 Bb5 16. Qb1 Ne4 17. Re1 Nxd2 18. Nxd2 Bb4 19. Rd1 Be2 20. Re1 Bh5 21. Qd3
Bg6 22. Qe3 Qa5 23. Red1 Bc2 24. a3 Bxd2 25. Rxd2 Bxb3 26. Rd3 Bc4 27. Bc3 Qd8
28. Bb4 Bxd3 29. Bxf8 Kxf8 30. Qxd3 Qc7 31. h3 Qc3 32. Rd1 Qxd3 33. Rxd3 Rc1+
34. Kh2 Ke7 35. Rb3 Rc7 36. Kg3 b5 37. Kg4 Rc2 38. Kf3 Rc4 39. Ke3 f6 40. f4
Rc2 41. g4 Rh2 42. Rd3 Rxh3+ 43. Ke2 Rh4 44. Kf3 fxe5 45. fxe5 Rh3+ 46. Ke2
Rxd3 47. Kxd3 Kd7 48. Kc3 Kc7 49. Kb4 Kb6 50. Kc3 Ka5 51. g5 h5 52. Kd3 Ka4 53.
Ke3 g6 54. Kd3 Kb3 55. Kd2 Kc4 56. a4 b4 57. Kc2 a5 58. Kb2 Kxd4 59. Kc2 Kxe5
60. Kd3 h4 61. Ke3 d4+ 62. Kd3 Kd5 63. Kd2 e5 64. Kd3 e4+ 65. Ke2 Ke5 66. Kd2
Kf4 67. Ke2 Kxg5 68. Kd2 Kf4 69. Ke2 g5 70. Kf2 g4 71. Ke2 Ke5 72. Kf2 Kd5 73.
Ke2 Kc4 74. Kd2 Kb3 75. Ke2 Kxa4 76. Kd2 Kb5 77. Ke2 a4 78. Kd2 Ka6 79. Ke2 Kb7
80. Kd2 Kc8 81. Ke2 g3 82. Kf1 h3 83. Ke2 a3 84. Kd2 b3 85. Ke2 Kd7 86. Ke1 Ke8
87. Ke2 Ke7 88. Kd2 Kf6 89. Ke2 Kg5 90. Kd2 Kg4 91. Ke2 Kf4 92. Kd2 d3 93. Ke1
e3 94. Kd1 g2 95. Ke1 h2 96. Kd1 b2 97. Ke1 a2 98. Kd1 Kf3 99. Ke1 e2 100. Kd2
Ke4 101. Ke1 g1=B 102. Kd2 h1=B 103. Ke1 a1=N 104. Kd2 b1=B 105. Ke1 Nc2+ 106.
Kd2 Nb4 107. Kc3 Nc6 108. Kc4 Nb8 109. Kb5 e1=N 110. Kb4 d2 111. Kc3 Ke3 112.
Kc4 d1=N 113. Kc5 Kf4+ 114. Kd6 Ne3 115. Ke6 Bf5+ 116. Kf6 Nd7+ 117. Ke7 Nd5+
118. Kd6 Bc5+ 119. Kc6 Ne5+ 120. Kb7 Ne7+ 121. Kc7 Nd5+ 122. Kb7 Nb4+ 123. Kc7
Na6+ 124. Kd8 Nc6+ 125. Ke8 Nc7+ 126. Kf7 Bd5+ 127. Kg7 Ne8+ 128. Kh6 Bf8+ 129.
Kh5 Bf3+ 130. Kh4 Be7# 0-1

[Event "CYCC U10"]
[Site "Regina CAN"]
[Date "2019.07.09"]
[Round "5.35"]
[White "Wu, Jonathan"]
[Black "Shi, Michael"]
[Result "1/2-1/2"]
[WhiteElo "1079"]
[BlackElo "1856"]
[PlyCount "47"]
[EventDate "2019.07.07"]
[EventType "swiss"]
[EventRounds "7"]
[EventCountry "CAN"]

1. d4 Nf6 2. c4 e6 3. Nf3 Bb4+ 4. Nc3 Bxc3+ 5. bxc3 d5 6. Ba3 Nbd7 7. e3 b6 8.
Bd3 c5 9. cxd5 exd5 10. Bb5 Bb7 11. Ne5 O-O 12. Nxd7 Nxd7 13. O-O Re8 14. Bd3
c4 15. Bf5 Nf6 16. Qc2 Bc8 17. Bxc8 Rxc8 18. Rfe1 Qc7 19. h3 Re6 20. Rad1 Rce8
21. Rb1 Nh5 22. Qd2 Nf6 23. Qc2 Re4 24. Qa4 1/2-1/2